| 000 | 00880nam a2200217Ii 4500 | ||
|---|---|---|---|
| 003 | JO-AjNU | ||
| 008 | 230605s9999||||xx |||||||||||||| ||und|| | ||
| 020 | _a1-56564-307-0 | ||
| 040 |
_aJO-AjNU _bara _erda _cJO-AjNU |
||
| 041 | _aara | ||
| 050 | 1 | 4 | _aBP3946.H37 2007 |
| 100 | 3 |
_aهاشم، خالد مصطفى, _eauthor _952401 |
|
| 245 | 0 | 0 | _aالجريمة : دراسة مقارنة بين الشريعتين اليهودية و الإسلامية |
| 250 | _aط1 | ||
| 264 | 3 | 1 | _aفيرجينيا: المعهد العالمي للفكر الاسلامي، 2007 |
| 300 |
_a565ص _bالمصادر والمراجع ص553-565 |
||
| 336 |
_atext _btxt _2rdacontent |
||
| 337 |
_aunmediated _bn _2rdamedia |
||
| 338 |
_avolume _bnc _2rdacarrier |
||
| 650 | 4 |
_aالجريمة والمجرمون- القانون الجنائي- الفقه الاسلامي- اليهودية _952402 |
|
| 999 |
_aA23210 _c26778 _d26778 |
||